Statistics for Star Trek Food

Click here to take the quiz!

General Stats

  • This quiz has been taken 66 times
    (61 since last reset)
  • The average score is 7 of 12

Answer Stats

HintAnswer% Correct
Blue alcohol, no longer to be served at diplomatic functions aboard the Enterprise-ARomulan {ale}
98%
Tea that Picard likes hotEarl Grey
87%
Very alcoholic drink which can potentially make you blindSaurian {brandy}
77%
Klingon delicacy; basically live wormsG{agh}
67%
Worf's favorite drink{Prune} juice
65%
Fake alcohol, without the deleterious effects, popular in Ten ForwardS{ynthale}
60%
Picard's breakfast pastryCroissant
56%
Klingon coffee popular on DS9R{aktajino}
46%
Cardassian alcohol, often served in a spiral bottleK{anar}
44%
Klingon dessert traditionally eaten on the Day of Honor, and a childhood favorite of Worf'sRokeg {blood} pie
42%
Sauce that's popular on Cardassia. 5000 packets are worth about 100 gross self-sealing stem boltsY{amok} sauce
42%
Spicy Bajoran burrito that can make your eyes water and sear your tongueH{asperat}
31%

Score Distribution

Percentile by Number Answered

Percent of People with Each Score

Your Score History

You have not taken this quiz since the last reset